A Course module for teaching literacy in the elementary grades through literature / (Record no. 68956)
[ view plain ]
| 000 -LEADER | |
|---|---|
| fixed length control field | 01762nam a22002777i 4500 |
| 003 - CONTROL NUMBER IDENTIFIER | |
| control field | URS |
| 005 - DATE AND TIME OF LATEST TRANSACTION | |
| control field | 20250109193427.0 |
| 008 - FIXED-LENGTH DATA ELEMENTS--GENERAL INFORMATION | |
| fixed length control field | 220401b |||||||| |||| 00| 0 eng d |
| 020 ## - INTERNATIONAL STANDARD BOOK NUMBER | |
| International Standard Book Number | 9786210421644 |
| 040 ## - CATALOGING SOURCE | |
| Language of cataloging | English |
| Transcribing agency | URS |
| Description conventions | rda |
| 050 14 - LIBRARY OF CONGRESS CALL NUMBER | |
| Classification number | LB1575 |
| Item number | .B67 2021 |
| 100 ## - MAIN ENTRY--PERSONAL NAME | |
| Personal name | Bulusan, Ferdinand., |
| Relator term | author. |
| 9 (RLIN) | 26 |
| 245 10 - TITLE STATEMENT | |
| Title | A Course module for teaching literacy in the elementary grades through literature / |
| Statement of responsibility, etc | Ferdinand Bulusan, Ph.D., Marcelo Revines Raquepo, Irene Blanco-Hamada, Ph.D. ; Greg Tabios Pawilen, coordinator |
| 264 #1 - PUBLICATION, DISTRIBUTION, ETC. (IMPRINT) | |
| Place of publication, distribution, etc | Manila : |
| Name of publisher, distributor, etc | Rex Book Store , |
| Date of publication, distribution, etc | ©2021. |
| 300 ## - PHYSICAL DESCRIPTION | |
| Extent | viii, 182 pages |
| Other physical details | some illustrations ; |
| Dimensions | 25 cm. |
| 336 ## - CONTENT TYPE | |
| Source | rdacontent |
| Content type term | text |
| 337 ## - MEDIA TYPE | |
| Source | rdamedia |
| Media type term | unmediated |
| 338 ## - CARRIER TYPE | |
| Source | rdacarrier |
| Carrier type term | volume |
| 504 ## - BIBLIOGRAPHY, ETC. NOTE | |
| Bibliography, etc | Includes bibliographical references and index. |
| 520 ## - SUMMARY, ETC. | |
| Summary, etc | "This module is a tone approaches to aid the beginning educational manager. It is designed to provide teachers with holistic concepts, approaches, techniques, and skills in reshaping the future today. Written in a simple, easy to understand language. A Course Module for Teaching English in the Elementary Grades (Language Arts) gives a straightforward guide to teachers in the elementary grades on how to engage in the educational profession with the major concepts needed in the modern classroom. From an understanding of the K to 12 curriculum to the instructional planning and preparing assessments, this module is nifty little handbook to anyone who seeks to become an effective educator." -- |
| 650 #0 - SUBJECT ADDED ENTRY--TOPICAL TERM | |
| Topical term or geographic name as entry element | Literature |
| General subdivision | Study and teaching. |
| 9 (RLIN) | 4653 |
| 700 ## - ADDED ENTRY--PERSONAL NAME | |
| Personal name | Raquepo, Marcelo Revibes, |
| Relator term | author. |
| 9 (RLIN) | 4654 |
| 700 ## - ADDED ENTRY--PERSONAL NAME | |
| Personal name | Blanco-Hamada, Irene, |
| Relator term | author. |
| 9 (RLIN) | 4655 |
| 700 ## - ADDED ENTRY--PERSONAL NAME | |
| Personal name | Pawilen, Greg Tabios., |
| Relator term | coordinator. |
| 9 (RLIN) | 1160 |
| 942 ## - ADDED ENTRY ELEMENTS (KOHA) | |
| Koha item type | Filipiniana |
| Source of classification or shelving scheme | Library of Congress Classification |
| Withdrawn status | Lost status | Source of classification or shelving scheme | Damaged status | Not for loan | Home library | Current library | Shelving location | Date acquired | Total Checkouts | Full call number | Barcode | Date last seen | Price effective from | Koha item type | Source of acquisition | Collection code | Copy number |
|---|---|---|---|---|---|---|---|---|---|---|---|---|---|---|---|---|---|
| Library of Congress Classification | Antipolo College Library | Antipolo College Library | Filipiniana Section | 01/04/2023 | LB1575 .B879 2021 | URSANT-05732 | 10/29/2024 | 10/29/2024 | Filipiniana | Library Fund | Non-fiction | 1 | |||||
| Library of Congress Classification | Binangonan College Library | Binangonan College Library | Filipiniana Section | 03/23/2023 | LB 1575 L4 B85 2021 | URSBIN-3653 | 03/23/2023 | 03/23/2023 | Filipiniana | Purchased | |||||||
| Library of Congress Classification | Tanay College Library | Tanay College Library | Reserve Section | 12/28/2022 | LB 1575 .B67 2021 | URSTAN-N3202 | 03/23/2023 | 03/23/2023 | Filipiniana | ||||||||
| Library of Congress Classification | Taytay College Library | Taytay College Library | Filipiniana Section | 05/18/2023 | LB1575 .B879 2021 | URSTAY-5144 | 06/02/2025 | Filipiniana | Purchased | Non-fiction | 1 |